[Event "300 Years"]
[Site "St Petersburg"]
[Date "2003.10.20"]
[Round "3"]
[White "Sapunov, Evgeny"]
[Black "Brodsky, Michail"]
[Result "0-1"]
[WhiteElo "2476"]
[BlackElo "2559"]
[PlyCount "60"]
[EventDate "2003.10.18"]
[Source "Roberto Alvarez"]
[SourceDate "2003.10.27"]

1. e4 c5 2. Nf3 d6 3. d4 Nf6 4. Nc3 cxd4 5. Nxd4 Nc6 6. Bg5 Qb6 7. Nb3 e6 8. Qd2 a6 9. Be2 Be7 10. Bxf6 gxf6 11. Bh5 Bd7 12. O-O-O Ne5 13. Rhe1 Nc4 14. Qe2 Rc8 15. f4 Rg8 16. Nd5 exd5 17. exd5 Qd8 18. Nd4 Kf8 19. g4 f5 20. g5 Bxg5 21. fxg5 Qxg5+ 22. Kb1 b5 23. Nf3 Qf6 24. c3 Re8 25. Qf2 f4 26. Rxe8+ Bxe8 27. Nd4 Ne3 28. Re1 Rg2 29. Qf3 Qe5 30. Qh3 Rxb2+ 0-1

[Event "Beersheba"]
[Site "Beersheba"]
[Date "1996.??.??"]
[Round "5"]
[White "Tseitlin, Mark D"]
[Black "Shmuter, Leonid"]
[Result "0-1"]
[WhiteElo "2545"]
[BlackElo "2490"]
[PlyCount "85"]
[EventDate "1996.03.??"]
[Source "ChessBase"]

1. e4 c5 2. Nf3 d6 3. d4 cxd4 4. Nxd4 Nf6 5. Nc3 Nc6 6. Bg5 Qb6 7. Bb5 Bd7 8. Be3 Ng4 9. Nd5 Nxe3 10. fxe3 Qa5+ 11. b4 Qd8 12. O-O Ne5 13. Qh5 g6 14. Qh4 Rc8 15. c4 Bg7 16. Bxd7+ Nxd7 17. Rxf7 Kxf7 18. Rf1+ Bf6 19. Qh3 Ne5 20. Ne6 Qd7 21. Ng5+ Ke8 22. Ne6 Rf8 23. Ndf4 Rf7 24. c5 dxc5 25. bxc5 Rc6 26. Rb1 g5 27. Nd5 g4 28. Qh5 Qxe6 29. Rxb7 Rxc5 30. Rb8+ Kd7 31. Rb1 Qc6 32. Qf5+ e6 33. Nxf6+ Rxf6 34. Qxf6 Rc1+ 35. Rxc1 Qxc1+ 36. Kf2 Qd2+ 37. Kf1 Qc1+ 38. Kf2 Nd3+ 39. Kg3 Qxe3+ 40. Kxg4 Qxe4+ 41. Kg5 h6+ 42. Kh5 Qe2+ 43. g4 0-1

[Event "XXI Carlos Torre KO"]
[Site "Merida MES"]
[Date "2008.12.17"]
[Round "1.3"]
[White "Martinez, Lel"]
[Black "Hernandez Guerrero, G."]
[Result "0-1"]
[WhiteElo "2485"]
[BlackElo "2549"]
[PlyCount "62"]
[EventDate "2008.12.17"]
[Source "www.chesslib.no"]
[SourceDate "2004.05.04"]

1. e4 c5 2. Nf3 d6 3. d4 cxd4 4. Nxd4 Nf6 5. Nc3 Nc6 6. Bg5 Qb6 7. Nb3 e6 8. Qd2 Be7 9. O-O-O a6 10. f3 Qc7 11. Kb1 Rb8 12. h4 b5 13. Bd3 O-O 14. h5 Ne5 15. h6 g6 16. f4 Nc4 17. Qc1 Bb7 18. Rhf1 Ng4 19. Rde1 Bxg5 20. fxg5 Nge5 21. Bxc4 bxc4 22. Nd4 Ba8 23. Nf3 Rb6 24. Nxe5 dxe5 25. Ka1 Rfb8 26. Qd2 Rxb2 27. Qf2 f5 28. gxf6 Kf7 29. Rb1 Qa5 30. Qd2 Rxa2+ 31. Nxa2 Rxb1+ 0-1

[Event "Riga"]
[Site "Riga"]
[Date "1981.??.??"]
[Round "6"]
[White "Vitolinsh, Alvis"]
[Black "Tseshkovsky, Vitaly"]
[Result "1-0"]
[WhiteElo "2455"]
[BlackElo "2575"]
[PlyCount "136"]
[EventDate "1981.08.??"]
[Source "ChessBase"]

1. e4 c5 2. Nf3 d6 3. d4 cxd4 4. Nxd4 Nf6 5. Nc3 a6 6. Bg5 Nc6 7. Bxf6 gxf6 8. Be2 Bd7 9. Nf5 Rc8 10. O-O Bxf5 11. exf5 Bh6 12. Qd3 O-O 13. Nd5 Kh8 14. Qh3 Bg7 15. Rad1 Rg8 16. Bh5 Qf8 17. Rfe1 Bh6 18. f4 Rg7 19. c3 b5 20. Kh1 Rb8 21. Rd3 b4 22. c4 Rg8 23. Qh4 Bg7 24. Rh3 h6 25. Qf2 Rb7 26. Rhe3 a5 27. Bd1 Qc8 28. Ba4 Bf8 29. Bb5 Nd4 30. Ba6 Nxf5 31. Re4 Qc6 32. Bxb7 Qxb7 33. Qe2 e6 34. Nxf6 Rg6 35. Nh5 Bg7 36. Qf2 Kg8 37. Nxg7 Kxg7 38. b3 Qc6 39. R4e2 h5 40. Rd2 h4 41. Rd3 Qb7 42. Kg1 Qc6 43. Re2 Qb7 44. Kf1 Qc7 45. Ke1 Rg4 46. Kd1 Qe7 47. Kc1 Qf6 48. Kb1 Qh6 49. Rf3 Kg8 50. Rc2 Qg7 51. h3 Rg6 52. Rd3 Kh7 53. Rcd2 Qg8 54. Qf3 Qc8 55. Qh5+ Kg7 56. Rxd6 Nxd6 57. Qe5+ Kh7 58. Qxd6 Qa8 59. Qe5 Qa7 60. c5 Qa6 61. Rc2 Qf1+ 62. Kb2 Rxg2 63. Qe4+ Rg6 64. c6 f5 65. Qe3 Rg2 66. c7 Rxc2+ 67. Kxc2 Qg2+ 68. Kb1 Qa8 1-0

[Event "Las Palmas Open"]
[Site "Las Palmas ESP"]
[Date "1993.??.??"]
[Round "?"]
[White "Campora, Daniel H"]
[Black "Fernandez Garcia, Jose L"]
[Result "1-0"]
[WhiteElo "2550"]
[BlackElo "2475"]
[PlyCount "123"]
[EventDate "1993.09.??"]
[Source "www.chesslib.no"]
[SourceDate "2004.05.04"]

1. e4 c5 2. Nf3 d6 3. d4 cxd4 4. Nxd4 Nf6 5. Nc3 Nc6 6. Bg5 a6 7. Qd2 Nxd4 8. Qxd4 e5 9. Qa4+ Bd7 10. Bxf6 Qxf6 11. Bb5 Qd8 12. Bxd7+ Qxd7 13. Qb3 Be7 14. Nd5 Bd8 15. O-O O-O 16. Rfd1 Rc8 17. Rd3 Re8 18. Rad1 Re6 19. c3 Rc6 20. Qc2 Bb6 21. Qe2 Ba7 22. Kh1 Rc8 23. Qg4 Rd8 24. R1d2 Rg6 25. Qd1 Re8 26. h3 h6 27. Ne3 Bxe3 28. Rxe3 Rc8 29. Rd5 Qe7 30. a4 Rc4 31. b3 Rc6 32. c4 Qh4 33. Qd2 Qg5 34. g3 h5 35. f4 Qh6 36. f5 Rf6 37. Kg2 g6 38. Rf3 Qxd2+ 39. Rxd2 g5 40. Rfd3 Kf8 41. a5 Ke7 42. Rd5 Rh6 43. Kf2 g4 44. h4 Rf6 45. Ke2 Rh6 46. R2d3 Rh8 47. c5 Rxc5 48. Rxd6 Rhc8 49. f6+ Ke8 50. R6d5 Rc2+ 51. Rd2 R2c5 52. b4 Rxd5 53. Rxd5 Rc3 54. Rxe5+ Kd8 55. Re7 Rxg3 56. Rxb7 Rg2+ 57. Kf1 Rb2 58. e5 Rb1+ 59. Ke2 Rb2+ 60. Kd3 Ke8 61. b5 Rb3+ 62. Kc2 1-0

[Event "Orense"]
[Site "Orense"]
[Date "1975.??.??"]
[Round "?"]
[White "Ljubojevic, Ljubomir"]
[Black "Cardoso, Radolfo Tan"]
[Result "1-0"]
[WhiteElo "2615"]
[BlackElo "2410"]
[PlyCount "87"]
[EventDate "1975.??.??"]
[Source "www.chesslib.no"]
[SourceDate "2004.05.04"]

1. e4 c5 2. Nf3 d6 3. d4 cxd4 4. Nxd4 Nf6 5. Nc3 a6 6. Bg5 Nc6 7. Bc4 Qa5 8. Bxf6 gxf6 9. Nde2 h5 10. Nf4 e6 11. Be2 h4 12. Bg4 Ne5 13. Bh3 Bd7 14. O-O Rc8 15. Kh1 Be7 16. Nfe2 b5 17. a3 Qb6 18. Qc1 Bc6 19. Qd1 Bb7 20. b3 Rg8 21. f3 a5 22. Qd2 Qc5 23. Ra2 Rd8 24. Nd4 d5 25. exd5 b4 26. axb4 axb4 27. Ncb5 Rxd5 28. Rd1 Rd7 29. c4 bxc3 30. Nxc3 Nxf3 31. gxf3 Bxf3+ 32. Nxf3 Rxd2 33. Rdxd2 Qc6 34. Rd3 Bb4 35. Bf1 Rg5 36. Ra4 Bc5 37. Ne4 Rf5 38. Rc4 Ke7 39. b4 Rxf3 40. Rxf3 f5 41. Ng5 f6 42. Rxc5 Qa8 43. Bg2 fxg5 44. Rc7+ 1-0

[Event "Extraliga 2004/05"]
[Site "?"]
[Date "2005.04.16"]
[Round "10"]
[White "Haba Petr"]
[Black "Mrva Martin"]
[Result "1-0"]
[WhiteElo "2511"]
[BlackElo "2512"]
[PlyCount "75"]
[EventDate "2005.??.??"]
[Source "www.chesslib.no"]
[SourceDate "2004.05.04"]

1. e4 c5 2. Nf3 Nc6 3. d4 cxd4 4. Nxd4 Nf6 5. Nc3 d6 6. Bg5 Qb6 7. Nb3 e6 8. Bd3 Be7 9. O-O a6 10. Qe2 Qc7 11. a4 h6 12. Be3 b6 13. f4 Bb7 14. Rac1 h5 15. Qf2 Bd8 16. h3 Nb4 17. Nd2 d5 18. exd5 exd5 19. Bd4 O-O 20. Rce1 Qd6 21. Kh1 Nxd3 22. cxd3 Rc8 23. Re5 b5 24. axb5 axb5 25. Rg5 g6 26. Qg3 Nh7 27. Rxh5 Bf6 28. Nf3 Ba6 29. Be5 Bxe5 30. fxe5 Qd7 31. e6 fxe6 32. Qxg6+ Kh8 33. Re1 Rg8 34. Qxe6 Qxe6 35. Rxe6 Ra8 36. Reh6 Ra7 37. Ng5 Rgg7 38. Nxd5 1-0

[Event "CSR-ch"]
[Site "Trencianske Teplice"]
[Date "1979.??.??"]
[Round "9"]
[White "Kholmov, Ratmir D"]
[Black "Barczay, Laszlo"]
[Result "1-0"]
[WhiteElo "2550"]
[BlackElo "2470"]
[PlyCount "81"]
[EventDate "1979.11.??"]
[Source "ChessBase"]

1. e4 c5 2. Nf3 d6 3. d4 Nf6 4. Nc3 cxd4 5. Nxd4 Nc6 6. Bg5 a6 7. Qd2 Nxd4 8. Qxd4 Qa5 9. Bxf6 gxf6 10. O-O-O Be6 11. Kb1 Rc8 12. f4 Rxc3 13. Qxc3 Qxa2+ 14. Kc1 Bh6 15. g3 Qa1+ 16. Kd2 Qa4 17. Bd3 O-O 18. Ra1 Qd7 19. Ra5 Rc8 20. Qb4 d5 21. Re1 dxe4 22. Rxe4 f5 23. Re3 Bg7 24. c3 Bf6 25. Rc5 Rxc5 26. Qxc5 Bd5 27. Kc1 e6 28. Bxf5 Be7 29. Qd4 Qc7 30. b4 a5 31. Bc2 Bf8 32. Qd3 f5 33. Qb5 axb4 34. Bxf5 Bc5 35. Bxe6+ Kg7 36. Re5 Bd4 37. Bxd5 Qxc3+ 38. Kd1 Bxe5 39. fxe5 Qd4+ 40. Ke2 Qxe5+ 41. Kf3 1-0

[Event "BUL Ch"]
[Site "Sofia BUL"]
[Date "1996.??.??"]
[Round "4"]
[White "Kolev, Atanas"]
[Black "Delchev, Aleksander"]
[Result "1/2-1/2"]
[WhiteElo "2510"]
[BlackElo "2505"]
[PlyCount "57"]
[EventDate "1996.??.??"]
[Source "www.chesslib.no"]
[SourceDate "2004.05.04"]

1. e4 c5 2. Nf3 Nc6 3. d4 cxd4 4. Nxd4 Nf6 5. Nc3 d6 6. Bg5 Qb6 7. Nb3 e6 8. Bf4 Ne5 9. Be2 Bd7 10. Be3 Qc7 11. f4 Nc4 12. Bxc4 Qxc4 13. Qf3 Bc6 14. Nd4 d5 15. e5 Nd7 16. Qe2 Nb6 17. Qd3 Bb4 18. O-O Bxc3 19. bxc3 Qxd3 20. cxd3 Rc8 21. Rab1 O-O 22. Rfc1 Rc7 23. Rb4 Bd7 24. Ne2 Nc8 25. c4 dxc4 26. Rbxc4 Rxc4 27. dxc4 f6 28. exf6 gxf6 29. Rd1 1/2-1/2

[Event "Lloyds Bank Open"]
[Site "London ENG"]
[Date "1994.??.??"]
[Round "10"]
[White "Lau, Ralf"]
[Black "Gufeld, Eduard E"]
[Result "1/2-1/2"]
[WhiteElo "2535"]
[BlackElo "2475"]
[PlyCount "108"]
[EventDate "1994.08.??"]
[Source "www.chesslib.no"]
[SourceDate "2004.05.04"]

1. e4 c5 2. Nf3 d6 3. d4 cxd4 4. Nxd4 Nf6 5. Nc3 Nc6 6. Bg5 Qb6 7. Nb3 e6 8. Be2 Be7 9. O-O O-O 10. Kh1 Rd8 11. f4 a6 12. Bf3 Qc7 13. Qe1 b5 14. e5 dxe5 15. fxe5 Nd5 16. Nxd5 exd5 17. Bf4 Be6 18. c3 Rac8 19. Qe3 Qb7 20. Rad1 a5 21. Bg5 Bxg5 22. Qxg5 Qb6 23. h3 h6 24. Qf4 Kh8 25. Nd4 Nxd4 26. Rxd4 Rc4 27. Rfd1 b4 28. cxb4 Rxb4 29. Rxb4 axb4 30. Rd4 Qa5 31. Rxb4 Qxa2 32. Qd4 Rc8 33. Kh2 Qb1 34. Bxd5 Bxd5 35. Qxd5 Rc1 36. Qe4 Qxe4 37. Rxe4 Rc2 38. Rb4 Kg8 39. Kg3 Kf8 40. Kf3 Ke7 41. Rb6 Rc5 42. Ke4 Rc2 43. g3 Re2+ 44. Kf4 Rf2+ 45. Ke3 Rh2 46. h4 Rg2 47. Kf3 Rc2 48. h5 Rh2 49. g4 Rc2 50. b3 Rc1 51. Ke4 Re1+ 52. Kf5 Rf1+ 53. Ke4 Re1+ 54. Kd5 Rd1+ 1/2-1/2

[Event "Bad Woerishofen op"]
[Site "Bad Woerishofen"]
[Date "2001.03.21"]
[Round "7"]
[White "Simutowe, Amon"]
[Black "Pelletier, Yannick"]
[Result "1/2-1/2"]
[WhiteElo "2462"]
[BlackElo "2548"]
[PlyCount "88"]
[EventDate "2001.03.15"]
[Source "ChessBase"]
[SourceDate "2001.05.06"]

1. e4 c5 2. Nc3 a6 3. Nf3 d6 4. d4 cxd4 5. Nxd4 Nf6 6. Bg5 Nc6 7. Qd2 h6 8. Bxf6 gxf6 9. O-O-O e6 10. f4 Bd7 11. Kb1 Qc7 12. f5 O-O-O 13. g3 Kb8 14. Bh3 Nxd4 15. Qxd4 Be7 16. Na4 e5 17. Qb4 Bc6 18. Qb3 Bxe4 19. Rhe1 Qc6 20. Nc3 Bf3 21. Rd3 e4 22. Nxe4 Bxe4 23. Rc3 Qd5 24. Qxd5 Bxd5 25. Rxe7 Rde8 26. Rce3 Rxe7 27. Rxe7 Kc8 28. b3 Kd8 29. Re3 Re8 30. Rxe8+ Kxe8 31. c4 Be4+ 32. Kb2 a5 33. Bg4 Kd7 34. Kc3 b6 35. Kd4 Bb1 36. a3 Bc2 37. Kc3 Be4 38. Kd4 Bc2 39. b4 axb4 40. axb4 Ke7 41. Kd5 Kd7 42. Kd4 Ke7 43. Kd5 Kd7 44. h4 Bd3 1/2-1/2

[Event "Extraliga 2004/05"]
[Site "?"]
[Date "2005.03.20"]
[Round "9"]
[White "Mista Aleksander"]
[Black "Mrva Martin"]
[Result "0-1"]
[WhiteElo "2495"]
[BlackElo "2508"]
[PlyCount "92"]
[EventDate "2005.??.??"]
[Source "www.chesslib.no"]
[SourceDate "2004.05.04"]

1. e4 c5 2. Nf3 Nc6 3. d4 cxd4 4. Nxd4 Nf6 5. Nc3 d6 6. Bg5 Qb6 7. Nb3 e6 8. Bf4 Ne5 9. Be3 Qc7 10. f4 Ng6 11. Qf3 Bd7 12. O-O-O Rc8 13. Bd3 a6 14. g4 h6 15. h4 h5 16. g5 Ng4 17. Bd4 b5 18. Kb1 b4 19. Ne2 a5 20. Nbc1 e5 21. f5 Ne7 22. Bg1 Qb7 23. Ng3 g6 24. f6 Nf5 25. Nb3 Nxg3 26. Qxg3 Qc7 27. Nd2 d5 28. exd5 Bd6 29. Be4 O-O 30. Qd3 Kh7 31. Nf1 a4 32. Ng3 b3 33. cxb3 axb3 34. a3 Ba4 35. Re1 Qa5 36. Be3 Rc2 37. Nxh5 Bb5 38. Qxb3 Ba4 39. Qd3 Rb8 40. Bc1 Nf2 41. Qe3 Nxe4 42. Ka1 Nd2 43. Re2 Rb3 44. Bxd2 Rxe3 45. Bxa5 Rexe2 46. Ng3 Rh2 0-1